000
00301nam a22001337a 4500
008
181219b xxu||||| |||| 00| 0 eng d
020
_a
0914797603
041
_a
eng
080
_a
721
100
_a
45
101
_a
NDE
245
_a
Building Thr Healing Partership
_c
Taner.P
942
_2
udc
_c
BK
999
_c
53529
_d
53529